Mis fronteras /

Bibliographic Details
Main Author: González, Fernando, 1976- (Author)
Other Authors: Fanjul Suárez, Gonzalo (contributor agent of text.)
Format: Electronic eBook
Language:Spanish
Published: [Valencia] : La Caja Books, [2019]
Edition:Primera edición.
Subjects:
Online Access:Digitalia Hispánica

MARC

LEADER 00000nam a2200000Ii 4500
001 DIGCAJABK0007
003 NyNyDIG
006 m o d
007 cr |||||||||||
008 240722s2019 sp o 000 0 spa d
035 |a (OCoLC)1449536207 
040 |a DGITA  |b eng  |e rda  |e pn  |c DGITA 
020 |a 9788417496340  |q (epub) 
020 |z 9788417496272 
050 1 4 |a JC328.6 ebook 
100 1 |a González, Fernando,  |d 1976-  |e author. 
245 1 0 |a Mis fronteras /  |c Fernando González "Gonzo" ; epílogo de Gonzalo Fanjul. 
250 |a Primera edición. 
264 1 |a [Valencia] :  |b La Caja Books,  |c [2019] 
300 |a 1 online resource. 
336 |a text  |b txt  |2 rdacontent 
337 |a computer  |b c  |2 rdamedia 
338 |a online resource  |b cr  |2 rdacarrier 
347 |a text file  |2 rdaft 
347 |b EPUB 
588 0 |a Online resource; title from ePub title page (Digitalia, viewed July 22, 2024) 
600 1 0 |a González, Fernando,  |d 1976- 
650 0 |a Political violence. 
650 0 |a World politics  |y 21st century. 
700 1 |a Fanjul Suárez, Gonzalo,  |e contributor agent of text. 
791 2 |a Digitalia (Firm),  |e distributor. 
793 0 |g Digitalia eBook Collection:  |a La Caja Books 
776 0 8 |i Print version:  |a González, Fernando, 1976-  |t Mis fronteras.  |d [Valencia] : La Caja Books, [2019]  |z 9788417496272 
856 4 0 |3 Digitalia Hispánica  |u https://www.digitaliapublishing.com/a/100028/ 
910 |a Premium collection: 2024